Filosofía medieval
Tras la desaparición de Etienne Gilson, parecía haber quedado la estela del pensamiento medieval sin especialistas que pudieran abarcar este período de la filosofía como un todo. Tanto con Carlos Valderrama Andrade como con Gonzalo Soto Posada, la tradición de la filosofía hispanohablante ha superad...
Salvato in:
| Autore principale: | |
|---|---|
| Natura: | Libro |
| Lingua: | Spanish |
| Pubblicazione: |
Bogotá:
Universidad Pedagógica Nacional, San Pablo,
2007.
|
| Serie: | Filosofía
|
| Soggetti: | |
| Accesso online: | Enlace del recurso |
| Tags: |
Aggiungi Tag
Nessun Tag, puoi essere il primo ad aggiungerne! !
|
MARC
| LEADER | 00000nam a2200000 u 4500 | ||
|---|---|---|---|
| 001 | 002013 | ||
| 005 | 20150806131242.0 | ||
| 008 | 070706s2007 ck # fr# o000|0dspa#d | ||
| 020 | |a 9586927822 | ||
| 020 | |a 9789586927826 | ||
| 040 | |a IDEP |b spa | ||
| 082 | 0 | 4 | |a 189 |b S718f |2 21 |
| 100 | 1 | |a Soto Posada, Gonzalo | |
| 245 | 1 | 0 | |a Filosofía medieval |c Gonzalo Soto Posada |
| 260 | |a Bogotá: |b Universidad Pedagógica Nacional, |b San Pablo, |c 2007. | ||
| 300 | |a 512 p. | ||
| 440 | 0 | |a Filosofía | |
| 520 | 3 | |a Tras la desaparición de Etienne Gilson, parecía haber quedado la estela del pensamiento medieval sin especialistas que pudieran abarcar este período de la filosofía como un todo. Tanto con Carlos Valderrama Andrade como con Gonzalo Soto Posada, la tradición de la filosofía hispanohablante ha superado esa idea. En el caso particular de la presente obra, mención especial requiere el hecho de que Soto Posada, su autor, con una perspectiva contemporánea, lee la tradición medieval con presupuestos deconstructivos y al mismo tiempo, sugiere novedosas interpretaciones que renuevan el campo de discusión. La presentación de cada uno de los temas acude a las fuentes más autorizadas y las pone en contrapunto con los problemas tanto de la estética, como de la erótica y de la ética contemporánea. | |
| 650 | 1 | 4 | |a FILOSOFÍA MEDIEVAL |
| 650 | 1 | 4 | |a FILOSOFÍA -- |x HISTORIA |
| 999 | |c 4165 |d 4165 | ||
| 856 | |u https://catalogo.idep.edu.co/cgi-bin/koha/opac-detail.pl?biblionumber=4165 |z Enlace del recurso | ||